[Event "5u Open Internaziunale di Purtichju"]
[Site "?"]
[Date "2018.07.05"]
[Round "7.8"]
[White "Beshukov, Sergei"]
[Black "Nevednichy, Vladislav"]
[Result "1/2-1/2"]
[WhiteElo "2402"]
[BlackElo "2525"]
[PlyCount "207"]
[EventDate "2018.??.??"]

1. Nf3 Nf6 2. g3 b5 3. Bg2 Bb7 4. d4 e6 5. O-O c5 6. c3 d5 7. Qd3 c4 8. Qc2
Nbd7 9. Bg5 h6 10. Bxf6 gxf6 11. Nbd2 f5 12. Ne1 Qc7 13. e3 Bd6 14. Bf3 Ke7 15.
Ng2 Nf6 16. Nf4 h5 17. h4 a5 18. Rfc1 Bc6 19. a3 Rag8 20. Bg2 Nd7 21. Nf1 Nb6
22. Qe2 f6 23. Rd1 Be8 24. Kh1 Bf7 25. Rac1 Qc6 26. Rc2 Bc7 27. Rcc1 Nc8 28.
Re1 Nd6 29. f3 Rg7 30. Qf2 Rhg8 31. Rcd1 Nc8 32. Bh3 Nb6 33. Kh2 Bd6 34. Qc2
Qc7 35. Re2 Kd7 36. Qd2 Kc6 37. Qc2 Re8 38. Rg2 Kb7 39. Qd2 Reg8 40. Re2 Rd8
41. Rg2 Qb8 42. Re2 Rdg8 43. Rg2 Bc7 44. Re2 Ka6 45. Rg2 Qf8 46. Re1 Qb8 47.
Rd1 Ka7 48. Re2 Kb7 49. Rg2 Ka6 50. Re2 e5 51. dxe5 fxe5 52. Ng2 d4 53. Bxf5 d3
54. Rf2 e4 55. Nf4 exf3 56. Rxf3 Na4 57. e4 Qd8 58. Qf2 Bb6 59. Qd2 Qe7 60. Re1
Qe5 61. Nh3 Be8 62. Ng5 Bc6 63. Ne3 Re7 64. Ng2 Rf8 65. Ref1 Nc5 66. Qd1 Rg8
67. Re1 Reg7 68. Qd2 Qb8 69. Nf4 Qe8 70. Rff1 Bc7 71. e5 Nb3 72. Qd1 d2 73. Re3
Bb6 74. Re2 Rxg5 75. hxg5 Rxg5 76. Nh3 Rg7 77. Bc2 h4 78. gxh4 Qh5 79. Re4 Bxe4
80. Qxh5 Rg2+ 81. Kh1 Rg1+ 82. Kh2 Rg2+ 83. Kh1 Rg5+ 84. Bxe4 Rxh5 85. e6 Rxh4
86. Bf5 Bc5 87. Kg2 Rh5 88. Bg4 Re5 89. Rd1 b4 90. axb4 axb4 91. cxb4 Bxb4 92.
Nf4 Kb5 93. Ne2 Kc5 94. Kf3 Nd4+ 95. Nxd4 Kxd4 96. Kf2 Re1 97. Be2 Rxd1 98.
Bxd1 Kd3 99. Ba4 Be7 100. Bd1 Bf6 101. Kf3 Be7 102. Ba4 Bf6 103. Bd1 Be7 104.
Ba4 {Ke4+ Kxe4} 1/2-1/2

[Event "5u Open Internaziunale di Purtichju"]
[Site "?"]
[Date "2018.07.06"]
[Round "8.1"]
[White "Donchenko, Alexander"]
[Black "Fressinet, Laurent"]
[Result "1-0"]
[WhiteElo "2581"]
[BlackElo "2649"]
[PlyCount "127"]
[EventDate "2018.??.??"]

1. d4 Nf6 2. c4 e6 3. g3 Bb4+ 4. Nd2 d5 5. Bg2 O-O 6. Ngf3 b6 7. O-O Bb7 8. Ne5
Qc8 9. Ndf3 dxc4 10. Nxc4 Be7 11. Bg5 Rd8 12. Rc1 c5 13. b4 Nc6 14. bxc5 bxc5
15. e3 Ba6 16. Nfe5 Nxe5 17. Nxe5 Bb7 18. Qa4 Bxg2 19. Kxg2 Rd5 20. Nc6 Bf8 21.
Bxf6 gxf6 22. e4 Rd7 23. Rfd1 Qe8 24. d5 f5 25. Ne5 Rd6 26. Qxe8 Rxe8 27. Nc4
Ra6 28. exf5 exd5 29. Rxd5 Rxa2 30. Ne5 f6 31. Nd7 Ree2 32. Nxf6+ Kg7 33. Nh5+
Kg8 34. Rf1 c4 35. Rd7 Re7 36. Rd4 Rc7 37. Rc1 c3 38. Nf6+ Kf7 39. Nd5 Rd7 40.
Rxc3 Ra5 41. Rcd3 Bg7 42. f6 Bxf6 43. Nxf6 Rxd4 44. Rxd4 Kxf6 45. g4 Ra3 46. h4
a5 47. Rd6+ Kg7 48. Ra6 Ra1 49. Kg3 h5 50. f3 a4 51. Kf4 hxg4 52. fxg4 a3 53.
Kg5 Kf7 54. Ra7+ Ke6 55. Kg6 a2 56. g5 Rh1 57. Rxa2 Rxh4 58. Re2+ Kd7 59. Kg7
Rh1 60. g6 Kd6 61. Kg8 Kd7 62. g7 Kd6 63. Re4 Kd5 64. Rg4 1-0

[Event "5u Open Internaziunale di Purtichju"]
[Site "?"]
[Date "2018.07.06"]
[Round "8.2"]
[White "Baryshpolets, Andrey"]
[Black "Fridman, Daniel"]
[Result "1/2-1/2"]
[WhiteElo "2603"]
[BlackElo "2610"]
[PlyCount "95"]
[EventDate "2018.??.??"]

1. d4 d5 2. c4 e6 3. Nf3 Nf6 4. Nc3 dxc4 5. e4 Bb4 6. Bxc4 Nxe4 7. O-O Nxc3 8.
bxc3 Be7 9. Ne5 O-O 10. Qg4 f5 11. Qf3 Bd6 12. Re1 Kh8 13. Qh5 Bxe5 14. Rxe5
Nd7 15. Bg5 Nf6 16. Qh4 Qd6 17. Rae1 Bd7 18. Bf4 Qa3 19. R5e3 b5 20. Bb3 a5 21.
Rh3 a4 22. Bc1 Qd6 23. Bd1 Kg8 24. Bf4 Qa3 25. Be5 h6 26. g4 fxg4 27. Bxg4 Qxa2
28. Rg3 Nxg4 29. Rxg4 Rf7 30. Qg3 g5 31. f4 Qd2 32. fxg5 h5 33. Rh4 Rf3 34.
Qxf3 Qxe1+ 35. Kg2 Rf8 36. Rf4 Qd2+ 37. Kg1 Qc1+ 38. Kg2 Qd2+ 39. Kg1 Qc1+ 40.
Kg2 Qc2+ 41. Kg1 Rxf4 42. Bxf4 Qf5 43. Qa8+ Kf7 44. Be3 Qg4+ 45. Kf2 Qf5+ 46.
Kg1 Qg4+ 47. Kf2 Qf5+ 48. Kg1 1/2-1/2

[Event "5u Open Internaziunale di Purtichju"]
[Site "?"]
[Date "2018.07.06"]
[Round "8.3"]
[White "Zhigalko, Sergei"]
[Black "Deac, Bogdan-Daniel"]
[Result "0-1"]
[WhiteElo "2610"]
[BlackElo "2582"]
[PlyCount "100"]
[EventDate "2018.??.??"]

1. e4 e5 2. Nf3 Nc6 3. Bb5 Nf6 4. d3 Bc5 5. Bxc6 dxc6 6. Nbd2 Be6 7. O-O Nd7 8.
Nb3 Bb6 9. Ng5 Bxb3 10. axb3 f6 11. Nf3 Nc5 12. Nd2 O-O 13. Nc4 Ne6 14. Kh1 Qd7
15. Be3 Bd4 16. Bxd4 Nxd4 17. f4 exf4 18. Rxf4 c5 19. Ne3 a5 20. Qh5 Qf7 21.
Qh3 Qe6 22. Nf5 Nxf5 23. Rxf5 b6 24. Raf1 Rf7 25. Qg3 Raf8 26. h4 Qd6 27. Qxd6
cxd6 28. g4 g6 29. R5f2 Kg7 30. Kg2 h6 31. h5 g5 32. Ra1 Re7 33. c3 Re5 34. Rf5
Rxf5 35. exf5 Re8 36. Kf2 Re5 37. Ra4 Kf7 38. b4 cxb4 39. cxb4 Rb5 40. Ke3 d5
41. Kd4 Ke7 42. Kc3 Kd6 43. bxa5 Rxa5 44. Rb4 Kc6 45. b3 b5 46. Rd4 Ra2 47. Kb4
Ra1 48. Kc3 Kc5 49. b4+ Kd6 50. Kb2 Rg1 0-1

[Event "5u Open Internaziunale di Purtichju"]
[Site "?"]
[Date "2018.07.06"]
[Round "8.4"]
[White "Krasenkow, Michal"]
[Black "Tregubov, Pavel V."]
[Result "1-0"]
[WhiteElo "2631"]
[BlackElo "2581"]
[PlyCount "119"]
[EventDate "2018.??.??"]

1. Nf3 c5 2. c4 Nc6 3. d4 cxd4 4. Nxd4 Nf6 5. Nc3 Qb6 6. Nb3 e6 7. Bg5 Bb4 8.
Bxf6 gxf6 9. Rc1 a5 10. a3 Be7 11. Na4 Qc7 12. c5 d5 13. cxd6 Qxd6 14. Nb6 Rb8
15. Nxa5 Nxa5 16. Nxc8 Qe5 17. Qc2 Bd8 18. Qc3 Rxc8 19. Qxc8 Nb3 20. f4 Qxb2
21. Rd1 Nd4 22. Rd2 Qb1+ 23. Kf2 O-O 24. Rxd4 Bb6 25. Qc3 e5 26. fxe5 Qf5+ 27.
Ke1 Rc8 28. Qd3 Ba5+ 29. Rb4 Rc1+ 30. Kd2 Rxf1 31. Qxf5 Rxf5 32. exf6 Rxf6 33.
Rhb1 h5 34. Kd3 Bxb4 35. Rxb4 Rf2 36. Rxb7 Rxg2 37. h4 Rg1 38. Rb4 Kf8 39. a4
Ra1 40. Kc4 Ke7 41. Kb5 Kd7 42. a5 Ra2 43. a6 Kc7 44. Ra4 Rxe2 45. Rc4+ Kb8 46.
Rc5 Rb2+ 47. Kc6 Ka7 48. Rxh5 Kxa6 49. Rf5 Rh2 50. h5 Rh1 51. Kc7 Rh2 52. Rf6+
Kb5 53. h6 Kc5 54. Kd7 Kd5 55. Ke7 Ke5 56. Kxf7 Ra2 57. Kg7 Rh2 58. Rg6 Kf5 59.
h7 Rh1 60. Rh6 1-0

[Event "5u Open Internaziunale di Purtichju"]
[Site "?"]
[Date "2018.07.06"]
[Round "8.5"]
[White "Bulmaga, Irina"]
[Black "Lagarde, Maxime"]
[Result "0-1"]
[WhiteElo "2419"]
[BlackElo "2609"]
[PlyCount "74"]
[EventDate "2018.??.??"]

1. e4 c5 2. Nf3 Nc6 3. d4 cxd4 4. Nxd4 Nf6 5. Nc3 e5 6. Ndb5 d6 7. Bg5 a6 8.
Na3 b5 9. Nd5 Be7 10. Bxf6 Bxf6 11. c4 b4 12. Nc2 O-O 13. h4 a5 14. g3 Be6 15.
Bg2 Ra7 16. O-O g6 17. Nxf6+ Qxf6 18. Qxd6 Rc8 19. Ne3 Rd7 20. Qc5 Qd8 21. Kh1
h6 22. Qb5 Nd4 23. Qa4 g5 24. h5 g4 25. Rfe1 Rc5 26. Kg1 Qg5 27. Nd5 Kg7 28.
Rad1 Qxh5 29. Rxd4 exd4 30. e5 Qf5 31. Qb3 d3 32. Rd1 Bxd5 33. Bxd5 Rdxd5 34.
cxd5 Rc2 35. Rf1 Qe4 36. d6 d2 37. d7 Rc1 0-1

[Event "5u Open Internaziunale di Purtichju"]
[Site "?"]
[Date "2018.07.06"]
[Round "8.6"]
[White "Kasparov, Sergey"]
[Black "Tomazini, Zan"]
[Result "1-0"]
[WhiteElo "2456"]
[BlackElo "2408"]
[PlyCount "127"]
[EventDate "2018.??.??"]

1. Nf3 g6 2. c4 Bg7 3. d4 Nf6 4. Nc3 O-O 5. e3 d6 6. Be2 Nbd7 7. b3 e5 8. Bb2
Re8 9. Qc2 c6 10. dxe5 dxe5 11. O-O Nc5 12. Rfd1 Qc7 13. b4 Bf5 14. Qc1 Nce4
15. Nxe4 Nxe4 16. c5 Nf6 17. h3 Be4 18. a3 Bd5 19. Nd2 Qe7 20. Qc2 Nd7 21. e4
Be6 22. Nc4 Qg5 23. Bc1 Qh4 24. Nd6 Reb8 25. Be3 Bh6 26. Bxh6 Qxh6 27. Bc4 Nf8
28. Rd3 Qg7 29. Rad1 b5 30. Bb3 a5 31. Rf3 Ra7 32. Nf5 gxf5 33. Rg3 Ng6 34.
exf5 Bxb3 35. Qxb3 axb4 36. axb4 Qh6 37. fxg6 hxg6 38. Rd6 Qc1+ 39. Kh2 Kg7 40.
Qd3 Qf4 41. Rxc6 Rh8 42. Qe3 Rh4 43. Rb6 Qxe3 44. Rxe3 Rxb4 45. Rxe5 Rb2 46. f4
f6 47. Re3 b4 48. c6 Raa2 49. Rg3 Rc2 50. f5 g5 51. h4 Rc4 52. hxg5 Rh4+ 53.
Rh3 Rg4 54. gxf6+ Kf7 55. Rh7+ Kxf6 56. c7+ Ke5 57. Re7+ Kd5 58. Rd7+ Ke5 59.
Re6+ Kxf5 60. Rf7+ Kxe6 61. c8=Q+ Kxf7 62. Qxg4 Rb2 63. Qf5+ Kg8 64. Qg6+ 1-0

[Event "5u Open Internaziunale di Purtichju"]
[Site "?"]
[Date "2018.07.06"]
[Round "8.8"]
[White "Cornette, Matthieu"]
[Black "Ris, Robert"]
[Result "1-0"]
[WhiteElo "2597"]
[BlackElo "2431"]
[PlyCount "67"]
[EventDate "2018.??.??"]

1. c4 Nf6 2. Nc3 c5 3. g3 Nc6 4. Bg2 g6 5. Nf3 d6 6. d4 cxd4 7. Nxd4 Bd7 8.
Nxc6 Bxc6 9. e4 Bg7 10. O-O O-O 11. Qe2 Rc8 12. Rd1 Nd7 13. Bd2 a5 14. Rac1 Nc5
15. Be3 Qb6 16. Rc2 Rfe8 17. Bh3 Rc7 18. f3 a4 19. Nd5 Bxd5 20. cxd5 Ra8 21.
Rdc1 Qb4 22. Kh1 b6 23. Bf1 Qa5 24. Bd2 Qa7 25. b4 axb3 26. axb3 Rac8 27. Bh3
e6 28. Qb5 Bd4 29. Bh6 Bg7 30. Be3 Qa3 31. dxe6 Nxe6 32. Bxe6 Rxc2 33. Rxc2
Qa1+ 34. Bc1 1-0

[Event "5u Open Internaziunale di Purtichju"]
[Site "?"]
[Date "2018.07.07"]
[Round "9.1"]
[White "Deac, Bogdan-Daniel"]
[Black "Donchenko, Alexander"]
[Result "1/2-1/2"]
[WhiteElo "2582"]
[BlackElo "2581"]
[PlyCount "55"]
[EventDate "2018.??.??"]

1. Nf3 Nf6 2. c4 e6 3. Nc3 d5 4. d4 dxc4 5. e4 Bb4 6. Bxc4 Nxe4 7. O-O Nxc3 8.
bxc3 Be7 9. Ne5 O-O 10. Qg4 Nc6 11. Re1 f5 12. Qf3 Nxe5 13. Rxe5 Kh8 14. Bf4
Bd6 15. Re3 Bxf4 16. Qxf4 Qd6 17. Qxd6 cxd6 18. Bxe6 f4 19. Ree1 Bxe6 20. Rxe6
Rac8 21. Rxd6 Rxc3 22. Rd7 Rfc8 23. Re1 Rc1 24. Kf1 R1c2 25. Re2 Rc1+ 26. Re1
R1c2 27. Re2 Rc1+ 28. Re1 1/2-1/2

[Event "5u Open Internaziunale di Purtichju"]
[Site "?"]
[Date "2018.07.07"]
[Round "9.2"]
[White "Lagarde, Maxime"]
[Black "Krasenkow, Michal"]
[Result "0-1"]
[WhiteElo "2609"]
[BlackElo "2631"]
[PlyCount "60"]
[EventDate "2018.??.??"]

1. b3 e5 2. Bb2 d6 3. e3 Nf6 4. c4 g6 5. d4 exd4 6. Qxd4 Bg7 7. Nc3 O-O 8. Nf3
Nbd7 9. Be2 Nc5 10. Rd1 Ng4 11. Qf4 f5 12. Nd4 g5 13. Qf3 Ne4 14. O-O Nxh2 15.
Kxh2 g4 16. Qf4 Be5 17. Nxe4 Bxf4+ 18. exf4 fxe4 19. g3 Rxf4 20. c5 Rf6 21.
cxd6 cxd6 22. Nb5 Rh6+ 23. Kg2 d5 24. Bc1 Rh5 25. Bf4 Bd7 26. Nc7 Rc8 27. Nxd5
e3 28. fxe3 Rc2 29. Bc7 Rxe2+ 30. Kg1 Rhh2 0-1

[Event "5u Open Internaziunale di Purtichju"]
[Site "?"]
[Date "2018.07.07"]
[Round "9.3"]
[White "Fridman, Daniel"]
[Black "Kasparov, Sergey"]
[Result "1-0"]
[WhiteElo "2610"]
[BlackElo "2456"]
[PlyCount "55"]
[EventDate "2018.??.??"]

1. e4 d5 2. exd5 Qxd5 3. Nc3 Qd6 4. d4 c6 5. Nf3 Bg4 6. h3 Bxf3 7. Qxf3 Qxd4 8.
Bf4 Nf6 9. Nb5 cxb5 10. Bxb5+ Nbd7 11. Qxb7 Rd8 12. Bc7 Qe4+ 13. Qxe4 Nxe4 14.
O-O-O Nxf2 15. Rhe1 Nxd1 16. Rxd1 g6 17. Bxd8 Kxd8 18. Rxd7+ Kc8 19. Rxa7 f5
20. a4 e5 21. a5 Kb8 22. Rd7 Bc5 23. a6 e4 24. Rb7+ Ka8 25. Bc6 Rc8 26. Bd5 e3
27. Rd7+ Kb8 28. a7+ 1-0

[Event "5u Open Internaziunale di Purtichju"]
[Site "?"]
[Date "2018.07.07"]
[Round "9.4"]
[White "Cornette, Matthieu"]
[Black "Baryshpolets, Andrey"]
[Result "0-1"]
[WhiteElo "2597"]
[BlackElo "2603"]
[PlyCount "58"]
[EventDate "2018.??.??"]

1. e4 e5 2. Nf3 Nc6 3. Bc4 Bc5 4. O-O Nf6 5. d3 O-O 6. a4 a6 7. c3 d5 8. exd5
Nxd5 9. Nbd2 Nb6 10. Ba2 Bf5 11. b4 Be7 12. b5 axb5 13. axb5 Nb8 14. Nxe5 N8d7
15. Qf3 Be6 16. Nec4 Bf6 17. Bb2 Na4 18. Ba3 Nxc3 19. Bxf8 Nxf8 20. Bb3 Rxa1
21. Rxa1 Ne2+ 22. Qxe2 Bxa1 23. Na5 Qa8 24. Bxe6 Nxe6 25. Nab3 Qa2 26. Qd1 Bd4
27. Nxd4 Nxd4 28. Qg4 Qa1+ 29. Nf1 f5 0-1

[Event "5u Open Internaziunale di Purtichju"]
[Site "?"]
[Date "2018.07.07"]
[Round "9.5"]
[White "Fressinet, Laurent"]
[Black "Nihal Sarin"]
[Result "1/2-1/2"]
[WhiteElo "2649"]
[BlackElo "2551"]
[PlyCount "140"]
[EventDate "2018.??.??"]

1. d4 Nf6 2. c4 e6 3. g3 d5 4. Bg2 dxc4 5. Nf3 Nc6 6. O-O Rb8 7. e3 b5 8. b3
cxb3 9. axb3 Be7 10. Qe2 O-O 11. Bd2 a6 12. Rc1 Bb7 13. Ne1 Nb4 14. Bxb7 Rxb7
15. Bxb4 Bxb4 16. Rxa6 Qd5 17. Qc2 Qh5 18. Nd3 Bd6 19. Qc6 Rbb8 20. Nd2 Nd5 21.
Qc2 Ra8 22. Rxa8 Rxa8 23. Qc6 Rb8 24. Ne4 Bf8 25. Ne5 Qf5 26. Nc5 Bxc5 27. Qxc5
h5 28. Qc2 Qxc2 29. Rxc2 b4 30. Ra2 f6 31. Nd7 Rb5 32. Ra7 Kf7 33. Kg2 e5 34.
Kf3 exd4 35. exd4 Ke6 36. Nc5+ Kf5 37. h3 Rb6 38. Ra5 Rd6 39. g4+ hxg4+ 40.
hxg4+ Kg6 41. Nd3 Kf7 42. Rc5 Ne7 43. Rc4 Nc6 44. Ke4 Re6+ 45. Kf3 Rd6 46. Ke3
Re6+ 47. Kd2 Rd6 48. Ke3 Re6+ 49. Kd2 Rd6 50. d5 Ne7 51. Rxc7 Rxd5 52. Rb7 f5
53. gxf5 Kf6 54. Rxb4 Nxf5 55. Rb6+ Kg5 56. b4 Kg4 57. Re6 Kf3 58. Re5 Rxe5 59.
Nxe5+ Kxf2 60. b5 Nd6 61. b6 g5 62. Kd3 Kg3 63. Kd4 g4 64. Kd5 Nb7 65. Kc6 Na5+
66. Kb5 Nb7 67. Kc6 Na5+ 68. Kc7 Kh3 69. Nxg4 Kxg4 70. b7 Nxb7 1/2-1/2

[Event "5u Open Internaziunale di Purtichju"]
[Site "?"]
[Date "2018.07.07"]
[Round "9.6"]
[White "Sonis, Francesco"]
[Black "Zhigalko, Sergei"]
[Result "1/2-1/2"]
[WhiteElo "2448"]
[BlackElo "2610"]
[PlyCount "139"]
[EventDate "2018.??.??"]

1. Nf3 d5 2. e3 Nf6 3. c4 e6 4. Nc3 b6 5. b3 Bd6 6. Bb2 Bb7 7. g3 O-O 8. Bg2
Nbd7 9. O-O c5 10. cxd5 Nxd5 11. Nxd5 Bxd5 12. d4 Rc8 13. Qe2 Nf6 14. dxc5 Bxc5
15. Rfd1 Qe7 16. Ne5 Ba3 17. Bxa3 Qxa3 18. e4 Ba8 19. Nc4 Qe7 20. Rd3 e5 21.
Rad1 g6 22. Nd6 Rc7 23. Qd2 Bc6 24. Rc3 Ne8 25. Nxe8 Bxe8 26. Rxc7 Qxc7 27. Rc1
Qe7 28. Bf1 f5 29. exf5 gxf5 30. Re1 Bf7 31. Qf4 exf4 32. Rxe7 a5 33. gxf4 Rd8
34. Kg2 Rd2 35. Re2 Rd1 36. Re5 Ra1 37. Bc4 Bxc4 38. bxc4 Rxa2 39. c5 bxc5 40.
Rxc5 a4 41. Rxf5 Rc2 42. Ra5 Rc4 43. Kf3 Kg7 44. Kg4 Rc2 45. Rxa4 Rxf2 46. Ra7+
Kg6 47. Ra6+ Kg7 48. h3 Rb2 49. Kg5 Rb5+ 50. Kg4 Kf7 51. f5 Kg7 52. h4 Rb1 53.
Ra7+ Kf6 54. Rxh7 Rg1+ 55. Kh5 Kxf5 56. Rf7+ Ke6 57. Rf2 Ke7 58. Kh6 Rg3 59. h5
Rg4 60. Kh7 Rg3 61. h6 Rg4 62. Kh8 Rg3 63. h7 Rg1 64. Ra2 Kf7 65. Ra7+ Kf8 66.
Rb7 Rg2 67. Rc7 Rg1 68. Rb7 Rg2 69. Rc7 Rg1 70. Rb7 1/2-1/2

[Event "5u Open Internaziunale di Purtichju"]
[Site "?"]
[Date "2018.07.07"]
[Round "9.8"]
[White "Tregubov, Pavel V."]
[Black "Saduakassova, Dinara"]
[Result "1/2-1/2"]
[WhiteElo "2581"]
[BlackElo "2491"]
[PlyCount "101"]
[EventDate "2018.??.??"]

1. d4 Nf6 2. c4 e6 3. Nc3 Bb4 4. Bg5 h6 5. Bh4 O-O 6. e3 c5 7. d5 Bxc3+ 8. bxc3
d6 9. Nf3 e5 10. Qc2 e4 11. Nd2 Bf5 12. f4 g5 13. Bg3 Ng4 14. Ke2 Bg6 15. h3
Nf6 16. fxg5 hxg5 17. Bh2 Qe7 18. Re1 Nbd7 19. Kd1 a6 20. Be2 b5 21. h4 gxh4
22. Kc1 Ne5 23. Bxe5 Qxe5 24. Rxh4 Qg3 25. Rhh1 Kg7 26. cxb5 Nxd5 27. c4 Nb4
28. Qb2+ Qe5 29. a3 Nd3+ 30. Bxd3 exd3 31. b6 Rab8 32. e4 Rfe8 33. g4 Qxb2+ 34.
Kxb2 Rxb6+ 35. Kc3 Re5 36. Rhg1 Rb8 37. Rg3 Rbe8 38. Rxd3 R8e6 39. Rd5 Rxd5 40.
cxd5 Re5 41. Rb1 Bxe4 42. Nxe4 Rxe4 43. Rb6 Rxg4 44. Rxd6 Rd4 45. Rxa6 Rxd5 46.
Kc4 Rd1 47. Kxc5 f5 48. Rb6 Ra1 49. Kd4 Rxa3 50. Ke5 Re3+ 51. Kxf5 1/2-1/2